| 000 | 00994nam a2200241 i 4500 | ||
|---|---|---|---|
| 001 | 157013 | ||
| 003 | ES-MaACL | ||
| 005 | 20251004063204.0 | ||
| 008 | 180109s2016 bo |||| | spa d | ||
| 080 | _a978-99974-56-52-6 | ||
| 100 | 1 |
_aJaimes Freyre, Ricardo, _d1870-1933 _9164000 |
|
| 245 | 1 | 3 | _aLa prosa de Ricardo Jaimes Freyre. |
| 260 |
_aLa Paz : _bInstituto de Estudios Bolivianos : _bCarrera de Literatura : _bInstituto de Investigaciones Literarias, _c2016. |
||
| 300 |
_a2 v. ; _c22 cm. |
||
| 490 | 1 |
_aProsa boliviana ; _v2 |
|
| 600 | 1 | 7 |
_aJaimes Freyre, Ricardo, _d1870-1933- _xCrítica e interpretación _2 _9163999 |
| 830 | 1 |
_aProsa boliviana ; _v2 _9193183 |
|
| 852 | 4 |
_aES-MaACL _jA-14085 _pv.1 _9162802 _bR.151555 _cDEPO1 _dOlim: N-7085 _hDonación: Ana Rebeca Prada |
|
| 852 | 4 |
_aES-MaACL _jA-14086 _9200909 _pv.2 _bR.151555 _cDEPO1 _dOlim: N-7086 _hDonación: Ana Rebeca Prada |
|
| 903 |
_aAna Rebeca Prada _ednr |
||
| 942 |
_2udc _cMONOGRAFIA |
||
| 999 |
_c157013 _d157013 |
||